ბათუმის შოთა რუსთაველის სახელმწიფო უნივერსიტეტის ბიბლიოთეკა

მცენარეთა ინტროდუქციისა და მწვანე მშენებლობის საკითხები (ბიბ.ჩანაწერი № 44592)

000 -LEADER
fixed length control field 00767nam a2200193Ia 4500
001 - CONTROL NUMBER
control field 11395
003 - CONTROL NUMBER IDENTIFIER
control field GE_BSU
008 - FIXED-LENGTH DATA ELEMENTS--GENERAL INFORMATION
fixed length control field 181216s||||||||xx |||||||||||||| ||und||
040 ## - CATALOGING SOURCE
Transcribing agency GE_BSU
080 ## - UNIVERSAL DECIMAL CLASSIFICATION NUMBER
Universal Decimal Classification number 581.522.4
245 ## - TITLE STATEMENT
Title მცენარეთა ინტროდუქციისა და მწვანე მშენებლობის საკითხები
245 ## - TITLE STATEMENT
Statement of responsibility, etc. რედ: მ. გოგოლიშვილი
260 ## - PUBLICATION, DISTRIBUTION, ETC.
Place of publication, distribution, etc. თბილისი.
260 ## - PUBLICATION, DISTRIBUTION, ETC.
Name of publisher, distributor, etc. მეცნიერება.
260 ## - PUBLICATION, DISTRIBUTION, ETC.
Date of publication, distribution, etc. 1970
300 ## - PHYSICAL DESCRIPTION
Extent 140გვ.25სმ.
653 ## - INDEX TERM--UNCONTROLLED
Uncontrolled term მცენარეთა ინტროდუქციისა და მწვანე მშენებლობის საკითხები
942 ## - ADDED ENTRY ELEMENTS (KOHA)
Koha item type წიგნი
ეგზემპლარები
Withdrawn status Lost status Damaged status Not for loan Date acquired Barcode Date last seen Price effective from Koha item type
        2018-12-17 19732 2018-12-17 2018-12-17 წიგნი
        2018-12-17 19733 2018-12-17 2018-12-17 წიგნი
        2018-12-17 19734 2018-12-17 2018-12-17 წიგნი
        2018-12-17 19735 2018-12-17 2018-12-17 წიგნი
        2018-12-17 19736 2018-12-17 2018-12-17 წიგნი